Voetballers bij land - Statistieken

Algemene statistieken
  • Deze quiz is 450 keer genomen
    449 sinds de laatste reset
  • De gemiddelde score is 32 van 41
Antwoordstatistieken
Hint Antwoord % Correct
Kylian Mbappe Frankrijk
100%
Cristiano Ronaldo Portugal
100%
Lionel Messi Argentinie
99%
Virgil van Dijk Nederland
99%
Romelu Lukaku Belgie
98%
Vinicius Junior Brazilie
97%
Mohamed Salah Egypte
97%
Jude Bellingham Engeland
97%
Robert Lewandowski Polen
97%
Rodri Spanje
96%
Gianluigi Donnarumma Italie
94%
Erling Haaland Noorwegen
90%
Gareth Bale Wales
87%
Heung-Min Son Zuid-Korea
87%
Oleksandr Zinchenko Oekraine
84%
Hakan Calhanoglu Turkije
83%
David Alaba Oostenrijk
82%
Xherdan Shaqiri Zwitserland
82%
Achraf Hakimi Marokko
81%
Kvechia Kvaratshkelia Georgie
80%
Luka Modric Kroatie
80%
Andrew Robertson Schotland
79%
Sadio Mane Senegal
78%
Victor Osimhen Nigeria
77%
Riyad Mahrez Algerije
72%
Alphonso Davies Canada
72%
Federico Valverde Uruguay
72%
Hirving Lozano Mexico
70%
Alexander Isak Zweden
70%
Luis Diaz Colombia
68%
Vangelis Pavlidis Griekenland
68%
Dominik Szoboszlai Hongarije
67%
Keylor Navas Costa-Rica
65%
Alexis Sanchez Chili
63%
Andre Onana Kameroen
59%
Christian Pulisic VS
59%
Conor Bradley Noord-Ierland
52%
Moises Caicedo Ecuador
51%
Chris Wood Nieuw-Zeeland
51%
Pierre-Emerick Aubameyang Gabon
50%
Amad Diallo Ivoorkust
37%
Geen overeenkomende quizzen gevonden
Scoreverdeling
Procent van Mensen met Elke Score
Percentiel versus Aantal Correcte Antwoorden
Uw Scoregeschiedenis
U heeft deze quiz nog niet genomen sinds de laatste reset